Vincitori Torneo di Wimbledon - Singolare maschile - Statistics

Statistiche generali
  • Questo quiz è stato fatto 54 volte
    23 dall'ultimo reset
  • Il punteggio medio è 44 su 57
Statistiche sulle risposte
Edizione Nazione Tennista vincitore % Corretto
1976 Svezia Björn Borg
94%
1977 Svezia Björn Borg
94%
1978 Svezia Björn Borg
94%
1979 Svezia Björn Borg
94%
1980 Svezia Björn Borg
94%
2023 Spagna Carlos Alcaraz
94%
2024 Spagna Carlos Alcaraz
94%
2025 Italia Jannik Sinner
94%
2011 Serbia Novak Đoković
94%
2014 Serbia Novak Đoković
94%
2015 Serbia Novak Đoković
94%
2018 Serbia Novak Đoković
94%
2019 Serbia Novak Đoković
94%
2021 Serbia Novak Đoković
94%
2022 Serbia Novak Đoković
94%
2003 Svizzera Roger Federer
94%
2004 Svizzera Roger Federer
94%
2005 Svizzera Roger Federer
94%
2006 Svizzera Roger Federer
94%
2007 Svizzera Roger Federer
94%
2009 Svizzera Roger Federer
94%
2012 Svizzera Roger Federer
94%
2017 Svizzera Roger Federer
94%
1992 Stati Uniti Andre Agassi
88%
1993 Stati Uniti Pete Sampras
88%
1994 Stati Uniti Pete Sampras
88%
1995 Stati Uniti Pete Sampras
88%
1997 Uniti Pete Sampras
88%
1998 Stati Uniti Pete Sampras
88%
1999 Stati Uniti Pete Sampras
88%
2000 Stati Uniti Pete Sampras
88%
2008 Spagna Rafael Nadal
88%
2010 Spagna Rafael Nadal
88%
2013 Regno Unito Andy Murray
81%
2016 Regno Unito Andy Murray
81%
1985 Germania Ovest Boris Becker
81%
1986 Germania Ovest Boris Becker
81%
1989 Germania Ovest Boris Becker
81%
1981 Stati Uniti John McEnroe
81%
1983 Stati Uniti John McEnroe
81%
1984 Stati Uniti John McEnroe
81%
1968 Australia Rod Laver
69%
1969 Australia Rod Laver
69%
1988 Svezia Stefan Edberg
69%
1990 Svezia Stefan Edberg
69%
2001 Croazia Goran Ivanišević
63%
1974 Stati Uniti Jimmy Connors
56%
1982 Stati Uniti Jimmy Connors
56%
2002 Australia Lleyton Hewitt
56%
1970 Australia John Newcombe
38%
1971 Australia John Newcombe
38%
1991 Germania Michael Stich
38%
1975 Stati Uniti Arthur Ashe
31%
1987 Austraia Pat Cash
31%
1972 Stati Uniti Stan Smith
31%
1973 Cecoslovacchia Jan Kodeš
19%
1996 Paesi Bassi Richard Krajicek
19%
Nessun quiz corrispondente trovato
Distribuzione punteggi
Percentuale di utenti per punteggio
Percentile per numero di risposta
I tuoi punteggi nel tempo
Non hai fatto questo quiz dall'ultimo reset